<?xml version="1.0" encoding="UTF-8"?>
<record
    xmlns:xsi="http://www.w3.org/2001/XMLSchema-instance"
    xsi:schemaLocation="http://www.loc.gov/MARC21/slim http://www.loc.gov/standards/marcxml/schema/MARC21slim.xsd"
    xmlns="http://www.loc.gov/MARC21/slim">

  <leader>01755nam0a2200361   4500</leader>
  <controlfield tag="001">RU\NLR\bibl\851815</controlfield>
  <controlfield tag="005">20260406074635.0</controlfield>
  <datafield tag="010" ind1=" " ind2=" ">
    <subfield code="a">5-900999-22-&#x425;</subfield>
    <subfield code="9">2000</subfield>
  </datafield>
  <datafield tag="021" ind1=" " ind2=" ">
    <subfield code="a">RU</subfield>
    <subfield code="b">2007-17674</subfield>
    <subfield code="9">937</subfield>
  </datafield>
  <datafield tag="035" ind1=" " ind2=" ">
    <subfield code="a">(NLR Aleph) 000840563</subfield>
  </datafield>
  <datafield tag="090" ind1=" " ind2=" ">
    <subfield code="a">1417770</subfield>
    <subfield code="c">1417770</subfield>
  </datafield>
  <datafield tag="100" ind1=" " ind2=" ">
    <subfield code="a">20051011d2005    |||y0rusy50      ca</subfield>
  </datafield>
  <datafield tag="101" ind1="0" ind2=" ">
    <subfield code="a">rus</subfield>
  </datafield>
  <datafield tag="102" ind1=" " ind2=" ">
    <subfield code="a">RU</subfield>
  </datafield>
  <datafield tag="105" ind1=" " ind2=" ">
    <subfield code="a">a   |||||||||</subfield>
  </datafield>
  <datafield tag="200" ind1="1" ind2=" ">
    <subfield code="a">&#x423;&#x433;&#x440;&#x435;&#x448;&#x430;. &#x421;&#x442;&#x440;&#x430;&#x43D;&#x438;&#x446;&#x44B; &#x438;&#x441;&#x442;&#x43E;&#x440;&#x438;&#x438;</subfield>
    <subfield code="e">625 &#x43B;&#x435;&#x442; &#x41D;&#x438;&#x43A;&#x43E;&#x43B;&#x43E;-&#x423;&#x433;&#x440;&#x435;&#x448;&#x441;&#x43A;&#x43E;&#x43C;&#x443; &#x43C;&#x43E;&#x43D;&#x430;&#x441;&#x442;&#x44B;&#x440;&#x44E; &#x438; &#x41A;&#x443;&#x43B;&#x438;&#x43A;&#x43E;&#x432;&#x441;&#x43A;&#x43E;&#x439; &#x431;&#x438;&#x442;&#x432;&#x435;</subfield>
    <subfield code="f">&#x415;&#x43B;&#x435;&#x43D;&#x430; &#x415;&#x433;&#x43E;&#x440;&#x43E;&#x432;&#x430;, &#x418;&#x43D;&#x435;&#x441;&#x441;&#x430; &#x410;&#x43D;&#x442;&#x43E;&#x43D;&#x43E;&#x432;&#x430;</subfield>
  </datafield>
  <datafield tag="210" ind1=" " ind2=" ">
    <subfield code="a">&#x423;&#x433;&#x440;&#x435;&#x448;&#x430;</subfield>
    <subfield code="c">&#x418;&#x43D;&#x444;&#x43E;&#x440;&#x43C;&#x430;&#x446;&#x438;&#x43E;&#x43D;&#x43D;&#x44B;&#x439; &#x446;&#x435;&#x43D;&#x442;&#x440;</subfield>
    <subfield code="d">2005</subfield>
  </datafield>
  <datafield tag="215" ind1=" " ind2=" ">
    <subfield code="a">295 &#x441;., [8] &#x43B;. &#x438;&#x43B;., &#x446;&#x432;. &#x438;&#x43B;.</subfield>
    <subfield code="c">&#x438;&#x43B;.</subfield>
    <subfield code="d">21</subfield>
  </datafield>
  <datafield tag="225" ind1="1" ind2=" ">
    <subfield code="a">&#x418;&#x441;&#x442;&#x43E;&#x440;&#x438;&#x44F; &#x423;&#x433;&#x440;&#x435;&#x448;&#x438;</subfield>
  </datafield>
  <datafield tag="320" ind1=" " ind2=" ">
    <subfield code="a">&#x411;&#x438;&#x431;&#x43B;&#x438;&#x43E;&#x433;&#x440;.: &#x441;. 280-284</subfield>
  </datafield>
  <datafield tag="320" ind1=" " ind2=" ">
    <subfield code="a">&#x423;&#x43A;&#x430;&#x437;. &#x438;&#x43C;&#x435;&#x43D;: &#x441;. 285-294</subfield>
  </datafield>
  <datafield tag="601" ind1="0" ind2="2">
    <subfield code="a">&#x421;&#x432;&#x44F;&#x442;&#x43E;-&#x41D;&#x438;&#x43A;&#x43E;&#x43B;&#x44C;&#x441;&#x43A;&#x438;&#x439; &#x423;&#x433;&#x440;&#x435;&#x448;&#x441;&#x43A;&#x438;&#x439; &#x441;&#x442;&#x430;&#x432;&#x440;&#x43E;&#x43F;&#x438;&#x433;&#x438;&#x430;&#x43B;&#x44C;&#x43D;&#x44B;&#x439; &#x43C;&#x443;&#x436;&#x441;&#x43A;&#x43E;&#x439; &#x43C;&#x43E;&#x43D;&#x430;&#x441;&#x442;&#x44B;&#x440;&#x44C;</subfield>
    <subfield code="c">&#x41C;&#x43E;&#x441;&#x43A;&#x43E;&#x432;&#x441;&#x43A;&#x430;&#x44F; &#x43E;&#x431;&#x43B;&#x430;&#x441;&#x442;&#x44C;</subfield>
    <subfield code="9">2210633</subfield>
    <subfield code="3">RU\NLR\auth\661327966</subfield>
  </datafield>
  <datafield tag="686" ind1=" " ind2=" ">
    <subfield code="a">&#x42D;372.24-647.2</subfield>
  </datafield>
  <datafield tag="700" ind1=" " ind2="1">
    <subfield code="4">070</subfield>
    <subfield code="7">ca</subfield>
    <subfield code="8">rus</subfield>
    <subfield code="a">&#x415;&#x433;&#x43E;&#x440;&#x43E;&#x432;&#x430;</subfield>
    <subfield code="b">&#x415;. &#x41D;.</subfield>
    <subfield code="c">&#x43A;&#x430;&#x43D;&#x434;. &#x44D;&#x43A;&#x43E;&#x43D;. &#x43D;&#x430;&#x443;&#x43A;, &#x43F;&#x438;&#x441;&#x430;&#x442;&#x435;&#x43B;&#x44C;, &#x43F;&#x443;&#x448;&#x43A;&#x438;&#x43D;&#x43E;&#x432;&#x435;&#x434;</subfield>
    <subfield code="f">1959-</subfield>
    <subfield code="g">&#x415;&#x43B;&#x435;&#x43D;&#x430; &#x41D;&#x438;&#x43A;&#x43E;&#x43B;&#x430;&#x435;&#x432;&#x43D;&#x430;</subfield>
    <subfield code="3">RU\NLR\AUTH\7735185</subfield>
    <subfield code="9">18183</subfield>
  </datafield>
  <datafield tag="701" ind1=" " ind2="1">
    <subfield code="a">&#x410;&#x43D;&#x442;&#x43E;&#x43D;&#x43E;&#x432;&#x430;</subfield>
    <subfield code="b">&#x418;. &#x412;.</subfield>
    <subfield code="f">1938-2001</subfield>
    <subfield code="g">&#x418;&#x43D;&#x435;&#x441;&#x441;&#x430; &#x412;&#x430;&#x441;&#x438;&#x43B;&#x44C;&#x435;&#x432;&#x43D;&#x430;</subfield>
    <subfield code="4">070</subfield>
  </datafield>
  <datafield tag="801" ind1=" " ind2="0">
    <subfield code="a">RU</subfield>
    <subfield code="b">NLR</subfield>
    <subfield code="c">20051011</subfield>
    <subfield code="g">rcr</subfield>
  </datafield>
  <datafield tag="801" ind1=" " ind2="1">
    <subfield code="a">RU</subfield>
    <subfield code="b">NLR</subfield>
    <subfield code="c">20051011</subfield>
  </datafield>
  <datafield tag="942" ind1=" " ind2=" ">
    <subfield code="c">BOOK</subfield>
  </datafield>
  <datafield tag="980" ind1=" " ind2=" ">
    <subfield code="a">NB</subfield>
  </datafield>
  <datafield tag="995" ind1=" " ind2=" ">
    <subfield code="5">2005-10-11</subfield>
    <subfield code="a">ab</subfield>
    <subfield code="b">NLR01</subfield>
    <subfield code="c">NLR01</subfield>
    <subfield code="e">RF3</subfield>
    <subfield code="f">2013198</subfield>
    <subfield code="k">2005-3/27187</subfield>
    <subfield code="o">0</subfield>
    <subfield code="r">BOOK</subfield>
    <subfield code="s">2005327187_</subfield>
  </datafield>
  <datafield tag="995" ind1=" " ind2=" ">
    <subfield code="5">2005-10-17</subfield>
    <subfield code="a">az</subfield>
    <subfield code="b">NLR02</subfield>
    <subfield code="c">NLR02</subfield>
    <subfield code="e">MK</subfield>
    <subfield code="f">2017516</subfield>
    <subfield code="o">0</subfield>
    <subfield code="r">BOOK</subfield>
  </datafield>
  <datafield tag="995" ind1=" " ind2=" ">
    <subfield code="5">2007-04-23</subfield>
    <subfield code="a">ad</subfield>
    <subfield code="b">NLR01</subfield>
    <subfield code="c">NLR01</subfield>
    <subfield code="e">OBM</subfield>
    <subfield code="f">2417795</subfield>
    <subfield code="o">0</subfield>
    <subfield code="r">BOOK</subfield>
  </datafield>
  <datafield tag="995" ind1=" " ind2=" ">
    <subfield code="5">2007-04-23</subfield>
    <subfield code="a">ad</subfield>
    <subfield code="b">NLR01</subfield>
    <subfield code="c">NLR01</subfield>
    <subfield code="e">RF3</subfield>
    <subfield code="f">2417796</subfield>
    <subfield code="k">2005-3/27187</subfield>
    <subfield code="o">0</subfield>
    <subfield code="r">BOOK</subfield>
    <subfield code="s">2005327187_</subfield>
  </datafield>
</record>
